[Event "BL 8485 Erlangen-Lasker"]
[Site "?"]
[Date "1985.??.??"]
[Round "?.3"]
[White "Cladouras, P."]
[Black "Roeder, F."]
[Result "1/2-1/2"]
[WhiteElo "2295"]
[BlackElo "2250"]
[PlyCount "34"]
[EventDate "1985.??.??"]

1. d4 d5 2. c4 c6 3. cxd5 cxd5 4. Nc3 Nc6 5. Nf3 Nf6 6. Bf4 Bf5 7. e3 e6 8. Bb5
Nd7 9. O-O Be7 10. Rc1 O-O 11. Bxc6 bxc6 12. Ne5 Nxe5 13. Bxe5 Rc8 14. Na4 Qa5
15. a3 Qb5 16. Rc3 f6 17. Bg3 a5 1/2-1/2

[Event "BL 8485 Erlangen-Lasker"]
[Site "?"]
[Date "1985.??.??"]
[Round "?.8"]
[White "Seyb, D."]
[Black "Jacoby, G."]
[Result "1/2-1/2"]
[WhiteElo "2310"]
[BlackElo "2245"]
[PlyCount "68"]
[EventDate "1985.??.??"]

1. e4 c5 2. c3 e6 3. d4 d5 4. e5 Nc6 5. Nf3 Qb6 6. a3 c4 7. Nbd2 Bd7 8. g3 f6
9. exf6 Nxf6 10. Bh3 Bd6 11. Qe2 O-O 12. Bxe6+ Kh8 13. Bxd7 Nxd7 14. O-O Rae8
15. Qd1 Nf6 16. Re1 Qd8 17. Rxe8 Qxe8 18. Nh4 g5 19. Ng2 Qe6 20. Nf1 Ne4 21. f3
Qf5 22. Ne1 Nf6 23. Qc2 Qxc2 24. Nxc2 g4 25. Bg5 gxf3 26. Bxf6+ Rxf6 27. Kf2
Ne7 28. Ne1 Bc7 29. Nxf3 Rb6 30. Rb1 Bd6 31. N3d2 Kg7 32. Ne3 Kf7 33. a4 Ra6
34. Ra1 b5 1/2-1/2

[Event "BL 8485 Bamberg-Kreuzberg"]
[Site "?"]
[Date "1985.??.??"]
[Round "?.1"]
[White "Berg, K."]
[Black "Seppeur, R."]
[Result "1-0"]
[WhiteElo "2375"]
[BlackElo "2310"]
[PlyCount "107"]
[EventDate "1985.??.??"]

1. e4 c5 2. Nf3 d6 3. d4 cxd4 4. Nxd4 Nf6 5. Nc3 g6 6. Be3 Bg7 7. f3 O-O 8. Qd2
Nc6 9. O-O-O Nxd4 10. Bxd4 Be6 11. g4 Qa5 12. a3 Rab8 13. h4 b5 14. Nd5 Qxd2+
15. Rxd2 Bxd5 16. exd5 Rb7 17. Bh3 Nd7 18. f4 b4 19. axb4 Rxb4 20. Bxg7 Kxg7
21. Re1 Re8 22. Rde2 Kf8 23. Re4 Rxe4 24. Rxe4 Nb6 25. Rd4 Rc8 26. Bf1 Rc5 27.
c4 a5 28. Kc2 h6 29. g5 hxg5 30. hxg5 Kg7 31. Kb3 Rc7 32. Bh3 Rb7 33. Ka3 Rb8
34. b3 Rh8 35. Rd3 Rh4 36. Rf3 Rh8 37. Rd3 Rh4 38. b4 Nxc4+ 39. Kb3 Nd2+ 40.
Kc2 Ne4 41. bxa5 Nf2 42. Bf1 Nxd3 43. Bxd3 Rh1 44. a6 Ra1 45. Kb3 f6 46. Kb4
fxg5 47. fxg5 Kf7 48. Bb5 e6 49. Ba4 Rh1 50. a7 Rh8 51. Bc6 exd5 52. Bxd5+ Ke7
53. Kc4 Kd7 54. Kd4 1-0

[Event "BL 8485 Bamberg-Kreuzberg"]
[Site "?"]
[Date "1985.??.??"]
[Round "?.2"]
[White "Bartsch, B."]
[Black "King, D."]
[Result "1-0"]
[WhiteElo "2265"]
[BlackElo "2435"]
[PlyCount "133"]
[EventDate "1985.??.??"]

1. e4 c5 2. Nc3 Nc6 3. g3 g6 4. Bg2 Bg7 5. d3 d6 6. Be3 e5 7. Qd2 Nge7 8. Bh6
O-O 9. h4 Bxh6 10. Qxh6 f6 11. Qd2 Bg4 12. f3 Be6 13. f4 h5 14. O-O-O Nd4 15.
Bh3 Qd7 16. Bxe6+ Qxe6 17. Nge2 Rac8 18. g4 hxg4 19. h5 g5 20. fxg5 Nf3 21. Qe3
fxg5 22. Kb1 Rf7 23. Ng1 Kh7 24. Nxf3 Rxf3 25. Qxg5 Rg8 26. Qh4 g3 27. Rhg1 g2
28. b3 Rf4 29. Qh2 Qg4 30. Kb2 Rf2 31. Rde1 Qf3 32. Nd1 Rf1 33. Ne3 Rxe1 34.
Rxe1 Qxe3 35. Rxe3 g1=Q 36. Qh3 Qg4 37. Qf1 Nc6 38. Rf3 Nd8 39. Rf6 Ne6 40. h6
Nf4 41. Rf7+ Kxh6 42. Rxb7 Rg7 43. Rb8 Kh7 44. Rd8 Rg6 45. Qh1+ Rh6 46. Rh8+
Kxh8 47. Qxh6+ Kg8 48. Qxd6 Ne6 49. Qxe5 Qg7 50. Qxg7+ Kxg7 51. Kc3 Kf6 52. Kc4
Ke5 53. c3 Kd6 54. a3 a5 55. d4 cxd4 56. cxd4 Ng5 57. e5+ Ke6 58. b4 axb4 59.
axb4 Nf3 60. b5 Nd2+ 61. Kc3 Ne4+ 62. Kd3 Nf2+ 63. Kc4 Kd7 64. d5 Ng4 65. Kd4
Nh6 66. Kc5 Nf5 67. b6 1-0

[Event "BL 8485 Bamberg-Kreuzberg"]
[Site "?"]
[Date "1985.??.??"]
[Round "?.5"]
[White "Konieczka, F."]
[Black "Ruehrig, V."]
[Result "1-0"]
[WhiteElo "2240"]
[BlackElo "2375"]
[PlyCount "83"]
[EventDate "1985.??.??"]

1. e4 Nf6 2. e5 Nd5 3. d4 d6 4. Nf3 g6 5. h4 h6 6. c4 Nb6 7. Be3 Bg7 8. Nbd2
Bg4 9. Qb3 O-O 10. h5 Bxh5 11. Rh4 Qd7 12. O-O-O dxe5 13. dxe5 Qe6 14. Ne4 Bxf3
15. gxf3 g5 16. Nc5 Qc6 17. Re4 N8d7 18. Nd3 a5 19. Bh3 Rad8 20. Qc2 Na4 21. c5
b5 22. b3 f5 23. exf6 Nxf6 24. Rxe7 g4 25. Bxg4 Nxg4 26. Rxg7+ Kxg7 27. fxg4
Rfe8 28. bxa4 Re4 29. Qb2+ Kh7 30. axb5 Rc4+ 31. Kb1 Qf3 32. Rc1 Rxg4 33. Ne5
Qf5+ 34. Qc2 Re4 35. Nc6 Rd5 36. b6 cxb6 37. cxb6 Kg8 38. Nd4 Rexd4 39. Bxd4
Qxc2+ 40. Rxc2 Rxd4 41. b7 Rb4+ 42. Rb2 1-0

[Event "BL 8485 Bamberg-Kreuzberg"]
[Site "?"]
[Date "1985.??.??"]
[Round "?.6"]
[White "Kestler, H."]
[Black "Sprotte, N."]
[Result "1-0"]
[WhiteElo "2410"]
[BlackElo "2230"]
[PlyCount "129"]
[EventDate "1985.??.??"]

1. c4 Nf6 2. Nf3 c6 3. d4 d5 4. cxd5 cxd5 5. Nc3 Nc6 6. Bf4 e6 7. e3 Be7 8. Bd3
O-O 9. O-O Nh5 10. Be5 f5 11. Rc1 Bd7 12. h3 Nf6 13. Bh2 Ne4 14. Ne5 Nxe5 15.
Bxe5 Rc8 16. Bxe4 fxe4 17. Qg4 Bg5 18. Ne2 Qe7 19. Nf4 Bxf4 20. exf4 Rxc1 21.
Rxc1 Rc8 22. Re1 g6 23. h4 Qf7 24. h5 Qf5 25. Qh4 Be8 26. hxg6 Bxg6 27. Qh6 Qf8
28. Qh3 Rc6 29. Qh4 Kf7 30. Re3 Ke8 31. Ra3 Ra6 32. Rxa6 bxa6 33. Qg4 Kd7 34.
Qd1 Qb4 35. Qe2 Qc4 36. Qd2 Be8 37. Qa5 Qc2 38. Kh2 Qc6 39. Qb4 Qb6 40. Qf8 Bg6
41. Qa8 a5 42. b3 e3 43. fxe3 Be4 44. Bf6 Qc7 45. Qf8 Kc6 46. Be5 Qd7 47. Qa8+
Kb6 48. Qb8+ Ka6 49. a4 Bc2 50. Bc7 Bd3 51. Bd6 Bc2 52. Bc5 Bd3 53. g4 Be2 54.
Kg3 Bf1 55. Kf2 Bd3 56. Ke1 Bg6 57. Kf2 Bd3 58. Kg3 Bf1 59. Kh4 Bd3 60. Bf8 Bc2
61. Kg5 Bd1 62. f5 exf5 63. gxf5 h6+ 64. Kxh6 Bxb3 65. Qb5+ 1-0

[Event "BL 8485 Lasker-Bamberg"]
[Site "?"]
[Date "1985.??.??"]
[Round "?.2"]
[White "Paulsen, D."]
[Black "Bartsch, B."]
[Result "1-0"]
[WhiteElo "2360"]
[BlackElo "2265"]
[PlyCount "79"]
[EventDate "1985.??.??"]

1. d4 Nf6 2. c4 e6 3. Nf3 Bb4+ 4. Bd2 Qe7 5. g3 Nc6 6. Bg2 Bxd2+ 7. Nbxd2 d6 8.
O-O O-O 9. Nb1 e5 10. Nc3 Bg4 11. Rb1 Bxf3 12. Bxf3 exd4 13. Bxc6 dxc3 14. Bxb7
Rab8 15. bxc3 Qe5 16. Qd3 Nd7 17. Bf3 Qa5 18. Qd5 Qxa2 19. Ra1 Qb3 20. Rxa7
Rfc8 21. Qf5 Nf6 22. Rb7 Qxc3 23. Rfb1 g6 24. Qh3 Ra8 25. R7b3 Qxc4 26. Bxa8
Rxa8 27. Rb8+ Rxb8 28. Rxb8+ Kg7 29. Qc8 g5 30. Qf8+ Kg6 31. Qe7 Qd5 32. Rc8 c5
33. Rd8 Ne4 34. Rg8+ Kf5 35. Rg7 f6 36. Kg2 Qe6 37. Qb7 Qc4 38. Qd7+ Qe6 39.
g4+ Ke5 40. Re7 1-0

[Event "BL 8485 Lasker-Bamberg"]
[Site "?"]
[Date "1985.??.??"]
[Round "?.4"]
[White "Muse, M."]
[Black "Treppner, G."]
[Result "1-0"]
[WhiteElo "2240"]
[BlackElo "2300"]
[PlyCount "78"]
[EventDate "1985.??.??"]

1. d4 Nf6 2. c4 d6 3. Nf3 c6 4. Nc3 Qc7 5. Bf4 Nh5 6. Bd2 e5 7. e4 g6 8. Qc1
Bg7 9. Bh6 O-O 10. dxe5 dxe5 11. Bxg7 Kxg7 12. Qe3 Bg4 13. Nd2 Nd7 14. f3 Be6
15. Ne2 Rfd8 16. g3 Qd6 17. O-O-O Nc5 18. Nc3 Qd4 19. Qxd4 exd4 20. Ncb1 a5 21.
Nb3 Nxb3+ 22. axb3 Nf6 23. Na3 Ne8 24. h4 Nc7 25. Nc2 c5 26. Bh3 Re8 27. Ne1 f5
28. exf5 Bxf5 29. Bxf5 gxf5 30. Nd3 b6 31. Rde1 Kf6 32. g4 Rxe1+ 33. Rxe1 fxg4
34. fxg4 Re8 35. Rf1+ Kg7 36. g5 Rf8 37. Re1 Re8 38. Rxe8 Nxe8 39. Nf4 Nd6 {
.../49/} 1-0

[Event "BL 8485 Lasker-Bamberg"]
[Site "?"]
[Date "1985.??.??"]
[Round "?.5"]
[White "Ruehrig, V."]
[Black "Zbikowski, W."]
[Result "1-0"]
[WhiteElo "2375"]
[BlackElo "2280"]
[PlyCount "89"]
[EventDate "1985.??.??"]

1. d4 d6 2. c4 g6 3. Nc3 Bg7 4. Nf3 Nf6 5. e4 O-O 6. Be2 e5 7. O-O Nc6 8. d5
Ne7 9. Nd2 Nd7 10. b4 a5 11. Ba3 axb4 12. Bxb4 f5 13. a4 fxe4 14. Ndxe4 Nf5 15.
a5 Nd4 16. Bd3 Rf4 17. Nb5 Nf6 18. f3 Nxe4 19. Bxe4 Bd7 20. Nxd4 exd4 21. Qb3
Rf8 22. Bd2 Ra7 23. Qd3 Qh4 24. f4 c5 25. Rab1 Bh6 26. g3 Qf6 27. Kg2 Re8 28.
h3 Bf8 29. g4 Be7 30. g5 Qg7 31. h4 Bd8 32. Ra1 Qe7 33. Rae1 Qg7 34. f5 gxf5
35. Bxf5 Rxe1 36. Bxe1 Bxa5 37. Bxh7+ Kh8 38. Bg3 b5 39. Bxd6 bxc4 40. Rf8+
Qxf8 41. Be5+ Qg7 42. Bxg7+ Kxg7 43. Qg6+ Kf8 44. Qf6+ Ke8 45. Bg6# 1-0

[Event "BL 8485 Kreuzberg-Erlangen"]
[Site "?"]
[Date "1985.??.??"]
[Round "?.1"]
[White "Heidrich, M."]
[Black "Berg, K."]
[Result "1/2-1/2"]
[WhiteElo "2260"]
[BlackElo "2375"]
[PlyCount "38"]
[EventDate "1985.??.??"]

1. e4 c5 2. Nf3 Nc6 3. d4 cxd4 4. Nxd4 Nf6 5. Nc3 d6 6. Bc4 e6 7. Be3 Be7 8.
Qe2 a6 9. O-O-O O-O 10. Rhg1 Qc7 11. Bb3 Nd7 12. g4 Nc5 13. g5 Bd7 14. Qh5 Rfc8
15. Rg3 g6 16. Qh6 Bf8 17. Qh4 Be7 18. Qh6 Bf8 19. Qh4 Be7 1/2-1/2

[Event "BL 8485 Kreuzberg-Erlangen"]
[Site "?"]
[Date "1985.??.??"]
[Round "?.4"]
[White "Grzesik, F."]
[Black "Tischer, G."]
[Result "1/2-1/2"]
[WhiteElo "2285"]
[BlackElo "2335"]
[PlyCount "20"]
[EventDate "1985.??.??"]

1. e4 e6 2. d4 d5 3. Nc3 Bb4 4. Nge2 dxe4 5. a3 Be7 6. Nxe4 Nf6 7. N2g3 Nbd7 8.
Bd3 Nxe4 9. Nxe4 Nf6 10. O-O Nxe4 1/2-1/2

[Event "BL 8485 Solingen-Frechen"]
[Site "?"]
[Date "1985.??.??"]
[Round "?.2"]
[White "Spassky, B."]
[Black "Behling, R."]
[Result "1-0"]
[WhiteElo "2590"]
[BlackElo "2300"]
[PlyCount "25"]
[EventDate "1985.??.??"]

1. d4 d5 2. c4 e6 3. Nc3 Nf6 4. Bg5 Be7 5. e3 O-O 6. Nf3 h6 7. Bxf6 Bxf6 8. Qd2
Nc6 9. cxd5 exd5 10. g3 Bg4 11. Bg2 Bxf3 12. Bxf3 a5 13. Nxd5 1-0

[Event "BL 8485 Solingen-Frechen"]
[Site "?"]
[Date "1985.??.??"]
[Round "?.6"]
[White "Dueball, J."]
[Black "Meyer, P."]
[Result "1/2-1/2"]
[WhiteElo "2445"]
[BlackElo "2230"]
[PlyCount "34"]
[EventDate "1985.??.??"]

1. e4 e6 2. d4 d5 3. Nc3 Bb4 4. e5 c5 5. a3 Bxc3+ 6. bxc3 Ne7 7. a4 Qa5 8. Bd2
Nbc6 9. Qg4 O-O 10. Bd3 c4 11. Be2 f6 12. exf6 Rxf6 13. Qh5 e5 14. dxe5 Rf5 15.
Qe8+ Rf8 16. Qh5 Rf5 17. Qe8+ Rf8 1/2-1/2

[Event "BL 8485 Bochum-Porz"]
[Site "?"]
[Date "1985.??.??"]
[Round "?.1"]
[White "Hort, V."]
[Black "Heinbuch, D."]
[Result "1-0"]
[WhiteElo "2605"]
[BlackElo "2255"]
[PlyCount "119"]
[EventDate "1985.??.??"]

1. e4 c5 2. Nc3 Nc6 3. Nge2 d6 4. d4 cxd4 5. Nxd4 Nf6 6. Bg5 e6 7. Qd2 a6 8.
O-O-O Bd7 9. f4 Be7 10. Nf3 b5 11. Bxf6 Bxf6 12. Qxd6 Ra7 13. e5 Be7 14. Qd2
Qa5 15. Kb1 Bb4 16. Ng5 Bxc3 17. Qxc3 Qxc3 18. bxc3 Ke7 19. h4 Rc7 20. Rh3 h5
21. Ne4 g6 22. Nd6 Na5 23. Rd4 Bc6 24. c4 bxc4 25. Ra3 Nb7 26. Rxc4 Nxd6 27.
exd6+ Kxd6 28. Rxa6 Rb8+ 29. Kc1 Kd7 30. g3 Bb7 31. Rb6 Rxc4 32. Bxc4 Kc7 33.
Rb4 Ra8 34. Kb2 Bc6 35. Bd3 Ra5 36. Be4 Bd5 37. a4 Kc6 38. Bd3 Ra7 39. Kc3 Kc5
40. Be4 Ra5 41. Bxd5 exd5 42. Kb3 Ra7 43. c3 Re7 44. a5 Ra7 45. Ka4 Ra8 46. Rb7
Kc4 47. Rc7+ Kd3 48. Kb5 Rb8+ 49. Kc6 Ra8 50. Kb6 Rb8+ 51. Rb7 Rc8 52. a6 Rxc3
53. a7 Ra3 54. Rb8 d4 55. a8=Q Rxa8 56. Rxa8 Ke2 57. Ra2+ Ke1 58. Kc5 d3 59.
Ra1+ Kf2 60. Kd4 1-0

[Event "BL 8485 Bochum-Porz"]
[Site "?"]
[Date "1985.??.??"]
[Round "?.2"]
[White "Sehner, N."]
[Black "Miles, A."]
[Result "1/2-1/2"]
[WhiteElo "2315"]
[BlackElo "2565"]
[PlyCount "78"]
[EventDate "1985.??.??"]

1. e4 c6 2. d4 d5 3. exd5 cxd5 4. Bd3 Nc6 5. c3 g6 6. Nf3 Nf6 7. Nbd2 Bf5 8.
Nf1 Bxd3 9. Qxd3 Bg7 10. Ng3 O-O 11. O-O Qb8 12. a4 e6 13. Ne2 Na5 14. Ne5 Nb3
15. Ra3 Nxc1 16. Nxc1 Qd6 17. Rb3 Rab8 18. Re1 Rfc8 19. Qb5 Rc7 20. Ncd3 Ne4
21. f3 Nd2 22. Rb4 Rbc8 23. Re2 Nc4 24. Nxc4 dxc4 25. Ne5 a6 26. Qa5 Bf8 27.
Rb6 Qd8 28. b4 cxb3 29. Rxb3 Qg5 30. Qb6 Rxc3 31. Rxc3 Rxc3 32. Qxb7 Rc1+ 33.
Kf2 Qh4+ 34. g3 Qxh2+ 35. Ke3 Bh6+ 36. Kd3 Rd1+ 37. Kc3 Rc1+ 38. Kd3 Rd1+ 39.
Kc3 Rc1+ 1/2-1/2

[Event "BL 8485 Bochum-Porz"]
[Site "?"]
[Date "1985.??.??"]
[Round "?.3"]
[White "Goehring, K."]
[Black "Budde, V."]
[Result "1-0"]
[WhiteElo "2355"]
[BlackElo "2360"]
[PlyCount "85"]
[EventDate "1985.??.??"]

1. d4 e6 2. c4 Nf6 3. Nc3 Bb4 4. e3 O-O 5. Bd3 d5 6. Nf3 c5 7. O-O Nc6 8. a3
Bxc3 9. bxc3 dxc4 10. Bxc4 Qe7 11. a4 b6 12. Ba3 Nd7 13. e4 Na5 14. Bd3 Bb7 15.
Re1 Rfd8 16. d5 Nf8 17. Qc2 Ng6 18. c4 Bc8 19. Bb2 e5 20. Bf1 Nb7 21. g3 f6 22.
Nd2 Qc7 23. Bg2 Bd7 24. Nf1 Nd6 25. Ne3 Rab8 26. Bc3 Rf8 27. Rec1 Rbe8 28. Bd2
Ne7 29. a5 Nec8 30. axb6 axb6 31. Rab1 g6 32. Rf1 Re7 33. f4 exf4 34. Rxf4 f5
35. Rbf1 g5 36. R4f2 Nxe4 37. Bxe4 Rxe4 38. Qxe4 fxe4 39. Rxf8+ Kg7 40. Bc3+
Kg6 41. R1f6+ Kh5 42. R8f7 h6 43. g4+ 1-0

[Event "BL 8485 Bochum-Porz"]
[Site "?"]
[Date "1985.??.??"]
[Round "?.4"]
[White "Backwinkel, P."]
[Black "Marian, R."]
[Result "1-0"]
[WhiteElo "2330"]
[BlackElo "2285"]
[PlyCount "137"]
[EventDate "1985.??.??"]

1. e4 c5 2. f4 Nc6 3. Nf3 e6 4. Bb5 Qb6 5. Bxc6 Qxc6 6. Nc3 b5 7. d3 b4 8. Ne2
d5 9. Ng3 Nf6 10. e5 Ng8 11. O-O h5 12. Nh1 Nh6 13. Nf2 Nf5 14. c3 bxc3 15.
bxc3 Ba6 16. Rb1 Be7 17. Bd2 Bb5 18. Ng5 Qa6 19. Qe2 Bc6 20. Rb2 Qc8 21. Nfh3
Rb8 22. Rfb1 Rxb2 23. Rxb2 g6 24. Be1 Kf8 25. Nf3 Kg7 26. Nhg5 d4 27. cxd4 cxd4
28. Ne4 Qa8 29. Bb4 Bxb4 30. Rxb4 Rb8 31. Rxb8 Qxb8 32. Qc2 Ne3 33. Qb3 Qxb3
34. axb3 Nc2 35. Kf2 Bd5 36. Ned2 f6 37. g3 fxe5 38. fxe5 Kf7 39. Ke2 Ke7 40.
h3 Kf7 41. g4 hxg4 42. hxg4 Ke7 43. Nc4 Bxf3+ 44. Kxf3 Na1 45. Nd2 g5 46. Ke4
Nc2 47. Nf3 Ne3 48. Nxg5 Nxg4 49. Kxd4 Nf2 50. Kc4 Nd1 51. d4 Ne3+ 52. Kb5 Nc2
53. Kc5 Kd7 54. Ne4 Kc7 55. Nc3 Kb7 56. Na2 a5 57. Nc3 Na1 58. Kc4 Nc2 59. Nd1
Kc6 60. Kc3 Na3 61. Ne3 Nb5+ 62. Kd3 Kb6 63. Nc4+ Kc6 64. Ne3 Kb6 65. Ng2 Nc7
66. Nf4 Kb5 67. Kc3 Kb6 68. Kc4 Kc6 69. Nxe6 1-0

[Event "BL 8485 Bochum-Porz"]
[Site "?"]
[Date "1985.??.??"]
[Round "?.5"]
[White "Ostermeyer, P."]
[Black "Beckemeyer, W."]
[Result "1/2-1/2"]
[WhiteElo "2470"]
[BlackElo "2325"]
[PlyCount "52"]
[EventDate "1985.??.??"]

1. d4 Nf6 2. c4 g6 3. Nc3 Bg7 4. e4 d6 5. f3 O-O 6. Be3 b6 7. Qd2 c5 8. Nge2
Nc6 9. d5 Ne5 10. Ng3 e6 11. Be2 Ba6 12. b3 exd5 13. exd5 Re8 14. O-O Qe7 15.
Rae1 Bc8 16. f4 Ned7 17. Bf3 Qd8 18. Nb5 Nf8 19. f5 a6 20. Nc3 gxf5 21. Bg5
Rxe1 22. Rxe1 Qc7 23. Bh6 Ng6 24. Nh5 Nxh5 25. Re8+ Bf8 26. Bxf8 Qd7 1/2-1/2

[Event "BL 8485 Bochum-Porz"]
[Site "?"]
[Date "1985.??.??"]
[Round "?.6"]
[White "Ueter, H."]
[Black "Gerusel, M."]
[Result "1/2-1/2"]
[WhiteElo "2270"]
[BlackElo "2390"]
[PlyCount "44"]
[EventDate "1985.??.??"]

1. e4 c5 2. Nf3 e6 3. d4 cxd4 4. Nxd4 a6 5. Nc3 Qc7 6. g3 Bb4 7. Nde2 Nf6 8.
Bg2 Nc6 9. Bf4 e5 10. Bg5 Nd4 11. O-O Nxe2+ 12. Nxe2 Qc6 13. Qd3 O-O 14. a3 Be7
15. Nd4 exd4 16. e5 d5 17. Rfe1 h6 18. exf6 Bxf6 19. Bxf6 Qxf6 20. Bxd5 Bf5 21.
Be4 Bg6 22. Rad1 Rac8 1/2-1/2

[Event "BL 8485 Bochum-Porz"]
[Site "?"]
[Date "1985.??.??"]
[Round "?.7"]
[White "Schmidt, B."]
[Black "Ackermann, H."]
[Result "1/2-1/2"]
[WhiteElo "2340"]
[BlackElo "2255"]
[PlyCount "81"]
[EventDate "1985.??.??"]

1. Nf3 Nf6 2. b3 b6 3. Bb2 Bb7 4. e3 e6 5. c4 Be7 6. Nc3 O-O 7. Be2 d5 8. O-O
Nbd7 9. Qc2 c5 10. cxd5 exd5 11. d4 Rc8 12. Qf5 cxd4 13. Nxd4 g6 14. Qh3 Bb4
15. Rac1 Qe7 16. Ncb5 a6 17. a3 Bc5 18. b4 axb5 19. bxc5 bxc5 20. Nxb5 Rb8 21.
Rfe1 Bc6 22. a4 Rfe8 23. Ba3 Ne4 24. Red1 Nb6 25. Bd3 Nxa4 26. Bxe4 Rxb5 27.
Bf3 Rb3 28. Ra1 Qe5 29. Qg3 Qxg3 30. hxg3 Nc3 31. Rdc1 c4 32. Bc5 Ra8 33. Rxa8+
Bxa8 34. Ra1 Rb1+ 35. Rxb1 Nxb1 36. Bb4 f5 37. Kf1 c3 38. Bd1 d4 39. Bc2 Be4
40. Bxb1 Bxb1 41. exd4 1/2-1/2

[Event "BL 8485 Bochum-Porz"]
[Site "?"]
[Date "1985.??.??"]
[Round "?.8"]
[White "Bachmann, K."]
[Black "Kreutzkamp, R."]
[Result "1/2-1/2"]
[WhiteElo "2325"]
[BlackElo "2260"]
[PlyCount "43"]
[EventDate "1985.??.??"]

1. Nf3 d5 2. c4 c6 3. cxd5 cxd5 4. d4 Nf6 5. Nc3 Nc6 6. Bf4 Bf5 7. e3 e6 8. Bb5
Nd7 9. Bxc6 bxc6 10. O-O Be7 11. Ne5 Nxe5 12. Bxe5 O-O 13. Na4 Qa5 14. a3 Qb5
15. Rc1 Rfc8 16. f3 a5 17. Rf2 f6 18. Bg3 c5 19. Nxc5 Bxc5 20. dxc5 Rxc5 21.
Rxc5 Qxc5 22. Qd4 1/2-1/2

[Event "BL 8485 Frechen-Bochum"]
[Site "?"]
[Date "1985.??.??"]
[Round "?.1"]
[White "Heinbuch, D."]
[Black "Ott, W."]
[Result "1-0"]
[WhiteElo "2255"]
[BlackElo "2300"]
[PlyCount "87"]
[EventDate "1985.??.??"]

1. d4 g6 2. Nf3 Bg7 3. c4 d6 4. g3 Bg4 5. Bg2 Qc8 6. h3 Bd7 7. Nc3 Nc6 8. d5
Nd8 9. Be3 c5 10. a4 Nf6 11. Qd2 h5 12. Ng5 b6 13. Bf4 Nb7 14. Ra3 Na5 15. b3
a6 16. e4 Nh7 17. Nf3 Nb7 18. h4 Ra7 19. e5 Bg4 20. exd6 Nxd6 21. Ne5 O-O 22.
O-O Rb7 23. Nc6 Bf6 24. Re1 Re8 25. Ne4 Nxe4 26. Bxe4 Bf5 27. Bg2 Rd7 28. b4 e5
29. Be3 Bg7 30. bxc5 Bf8 31. Rb3 Nf6 32. Rxb6 Rb7 33. Qb2 Rxb6 34. cxb6 Nd7 35.
b7 Qc7 36. Ba7 Bd6 37. b8=Q Nxb8 38. Bxb8 Rxb8 39. Qxb8+ Qxb8 40. Nxb8 Bxb8 41.
c5 Kf8 42. d6 f6 43. Be4 Bd7 44. Rb1 {ZÜ} 1-0

[Event "BL 8485 Frechen-Bochum"]
[Site "?"]
[Date "1985.??.??"]
[Round "?.2"]
[White "Behling, R."]
[Black "Budde, V."]
[Result "1/2-1/2"]
[WhiteElo "2300"]
[BlackElo "2360"]
[PlyCount "134"]
[EventDate "1985.??.??"]

1. c4 Nf6 2. Nc3 c5 3. g3 d5 4. cxd5 Nxd5 5. Bg2 Nc7 6. Nf3 Nc6 7. O-O e5 8.
Ne1 Bd7 9. Nd3 f6 10. b3 Be7 11. Bb2 O-O 12. f4 exf4 13. Nxf4 Rb8 14. e3 Be8
15. Rc1 Nb4 16. a3 Nd3 17. Nxd3 Qxd3 18. Be4 Qd7 19. Qc2 g6 20. Na4 Ne6 21. d4
f5 22. dxc5 Bg5 23. Rcd1 Qe7 24. Bd5 Rd8 25. e4 b5 26. cxb6 axb6 27. exf5 Be3+
28. Kg2 Rxd5 29. Rxd5 Qb7 30. Qe4 Ng5 31. Qe5 Bc6 32. Qh8+ Kf7 33. Qf6+ Kg8 34.
Qh8+ Kf7 35. fxg6+ Kxg6 36. Rxf8 Bxd5+ 37. Kf1 Qa6+ 38. Ke1 Qd3 39. Qc3 Qxc3+
40. Bxc3 Bxb3 41. Nb2 Bc5 42. Rf6+ Kh5 43. a4 Ne4 44. Rf5+ Kg6 45. Rf3 Nxc3 46.
Rxc3 Bb4 47. Kd2 Kf5 48. Kd3 Bxc3 49. Kxc3 Bd5 50. Kd4 Bg2 51. Nc4 Bc6 52. Nxb6
Kg4 53. Ke5 h5 54. a5 Kh3 55. Kf4 Kxh2 56. a6 Kg2 57. a7 Kh3 58. a8=Q Bxa8 59.
Nxa8 h4 60. g4 Kg2 61. g5 h3 62. g6 h2 63. g7 h1=Q 64. g8=Q+ Kf1 65. Qc4+ Kg1
66. Qd4+ Kh2 67. Qh8+ Kg1 1/2-1/2

[Event "BL 8485 Frechen-Bochum"]
[Site "?"]
[Date "1985.??.??"]
[Round "?.6"]
[White "Meyer, P."]
[Black "Ackermann, H."]
[Result "1-0"]
[WhiteElo "2230"]
[BlackElo "2255"]
[PlyCount "57"]
[EventDate "1985.??.??"]

1. d4 Nf6 2. Nf3 b6 3. c4 e6 4. a3 Be7 5. Nc3 Bb7 6. d5 O-O 7. e4 d6 8. Be2 a5
9. Nd4 c5 10. Nc2 Re8 11. O-O exd5 12. cxd5 Bf8 13. f3 Na6 14. Ne3 Nc7 15. Qb3
Nd7 16. a4 Na6 17. Bb5 Nb4 18. Nc4 Ba6 19. Bf4 Qf6 20. Bg3 Red8 21. Bxa6 Rxa6
22. Nb5 Nb8 23. Ncxd6 h5 24. e5 Qg5 25. Ne4 Qh6 26. e6 Kh8 27. Ned6 Bxd6 28.
Nxd6 Rxd6 29. e7 1-0

[Event "BL 8485 Porz-Solingen"]
[Site "?"]
[Date "1985.??.??"]
[Round "?.3"]
[White "Lobron, E."]
[Black "Goehring, K."]
[Result "1-0"]
[WhiteElo "2495"]
[BlackElo "2355"]
[PlyCount "95"]
[EventDate "1985.??.??"]

1. e4 e5 2. Nf3 Nc6 3. Bb5 a6 4. Ba4 d6 5. O-O Bd7 6. d4 Nf6 7. Bxc6 Bxc6 8.
Re1 Be7 9. Nc3 exd4 10. Nxd4 Bd7 11. h3 O-O 12. Qf3 Re8 13. Bf4 c5 14. Nf5 Bxf5
15. exf5 d5 16. Rad1 Qb6 17. Nxd5 Nxd5 18. Rxd5 Bf6 19. Rxe8+ Rxe8 20. b3 Qa5
21. a4 Qe1+ 22. Kh2 Bd4 23. Be3 Bxe3 24. fxe3 h6 25. Rxc5 Rxe3 26. Rc8+ Kh7 27.
Qf4 Rc3 28. Rc7 Rxc7 29. Qxc7 Qe4 30. f6 Kg6 31. fxg7 Kxg7 32. Qg3+ Kf8 33.
Qd6+ Kg8 34. c3 h5 35. Qd8+ Kh7 36. Qf6 Kg8 37. h4 Qc2 38. Qg5+ Kf8 39. Qc5+
Kg7 40. Qb4 b6 41. Qd4+ Kg8 42. b4 b5 43. axb5 axb5 44. Qd8+ Kh7 45. Qf6 Kg8
46. Qg5+ Kf8 47. Qxb5 Qxc3 48. Qc5+ 1-0

[Event "BL 8485 Porz-Solingen"]
[Site "?"]
[Date "1985.??.??"]
[Round "?.4"]
[White "Marian, R."]
[Black "Lau, R."]
[Result "0-1"]
[WhiteElo "2285"]
[BlackElo "2400"]
[PlyCount "74"]
[EventDate "1985.??.??"]

1. c4 Nf6 2. Nc3 c5 3. g3 e6 4. Nf3 b6 5. Bg2 Bb7 6. O-O Be7 7. d4 Ne4 8. Bd2
O-O 9. Qc2 Nxd2 10. Qxd2 cxd4 11. Nxd4 Bxg2 12. Kxg2 Qc8 13. b3 Qb7+ 14. f3 Rd8
15. e4 Nc6 16. Rad1 a6 17. Nxc6 Qxc6 18. Ne2 Qb7 19. Nf4 Rac8 20. Qb2 Bf6 21.
Qe2 b5 22. cxb5 axb5 23. Rc1 Bg5 24. Rxc8 Rxc8 25. Nd3 Rc3 26. h4 Bh6 27. g4 g6
28. g5 Bg7 29. Rd1 h5 30. Ne1 d5 31. exd5 exd5 32. Nd3 Kh7 33. Nb4 d4 34. Nd3
f6 35. Rd2 fxg5 36. hxg5 Qc8 37. Qe7 Qf5 0-1

[Event "BL 8485 Porz-Solingen"]
[Site "?"]
[Date "1985.??.??"]
[Round "?.5"]
[White "Borik, O."]
[Black "Ostermeyer, P."]
[Result "1/2-1/2"]
[WhiteElo "2370"]
[BlackElo "2470"]
[PlyCount "88"]
[EventDate "1985.??.??"]

1. Nf3 Nf6 2. c4 b6 3. g3 Bb7 4. Bg2 c5 5. Nc3 g6 6. b3 Bg7 7. Bb2 O-O 8. d4
cxd4 9. Qxd4 Na6 10. O-O Nc5 11. Rac1 Qb8 12. Rfd1 Bc6 13. Qh4 h6 14. Nd5 Bxd5
15. cxd5 Nce4 16. Be5 Nd6 17. Qf4 a6 18. Qd4 Qa7 19. Nd2 Nf5 20. Qb2 d6 21. Bc3
b5 22. Ne4 Nxe4 23. Bxe4 Rfc8 24. Qd2 Bxc3 25. Rxc3 Rxc3 26. Qxc3 Ng7 27. Qd2
h5 28. Rc1 Ne8 29. Rc6 a5 30. e3 b4 31. Qc2 Kg7 32. Bf3 a4 33. Rc4 axb3 34.
Qxb3 Qxa2 35. Qxa2 Rxa2 36. Rxb4 Nf6 37. Rb7 g5 38. h3 g4 39. hxg4 hxg4 40. Bg2
Kf8 41. Rb8+ Kg7 42. Rb7 Ra1+ 43. Kh2 Ra2 44. Kg1 Ra1+ 1/2-1/2

[Event "BL 8485 Porz-Solingen"]
[Site "?"]
[Date "1985.??.??"]
[Round "?.6"]
[White "Gerusel, M."]
[Black "Dueball, J."]
[Result "0-1"]
[WhiteElo "2390"]
[BlackElo "2445"]
[PlyCount "102"]
[EventDate "1985.??.??"]

1. d4 Nf6 2. c4 c5 3. d5 e6 4. Nc3 exd5 5. cxd5 d6 6. Nf3 g6 7. Nd2 Nbd7 8. e4
Bg7 9. Be2 O-O 10. O-O Re8 11. Qc2 Ne5 12. Re1 Nfg4 13. Nf1 Qh4 14. Bb5 Rf8 15.
Bf4 c4 16. Bg3 Qd8 17. h3 a6 18. hxg4 axb5 19. Nxb5 Qb6 20. a4 Bd7 21. Ne3 Bxb5
22. axb5 Rac8 23. Ra4 c3 24. bxc3 Rxc3 25. Qb1 Rfc8 26. Rd1 Nxg4 27. Nxg4 Rxg3
28. e5 h5 29. Nf6+ Bxf6 30. exf6 Rgc3 31. Qb4 R8c4 32. Qxc4 Rxc4 33. Rxc4 g5
34. Re1 Qxb5 35. Rc8+ Kh7 36. Re7 Qxd5 37. Rcc7 Kg6 38. Rxb7 Kxf6 39. Red7 h4
40. f3 Kg6 41. Ra7 Qc5+ 42. Kf1 f6 43. Rac7 Qd5 44. Rg7+ Kf5 45. Rce7 h3 46.
Kg1 Qd4+ 47. Kh2 Qf4+ 48. Kg1 Qg3 49. Re2 hxg2 50. Rxg2 Qe1+ 51. Kh2 Qh4+ 0-1